| 000 | 00473nam a2200169 a 4500 | ||
|---|---|---|---|
| 001 | 0000-9105 | ||
| 003 | ELIB.Books | ||
| 008 | 110520 1970 | ||
| 035 | _a(ELIB.Books)0000-9254 | ||
| 082 |
_a260 _bMcG |
||
| 100 | _aMcGavran, Donal Anderson | ||
| 245 | _aUnderstanding Church Growth | ||
| 260 |
_bMichigan: Wm. B. Eerdmans Publishing Company _c1970 |
||
| 650 | _aSocial Theology | ||
| 942 |
_2ddc _cBK |
||
| 998 |
_cbat _e2011-05-20 _mcat _u2019-06-05 |
||
| 999 |
_c9105 _d9105 |
||